[Event "Oasis op"]
[Site "Montreal CAN"]
[Date "2011.02.25"]
[Round "1"]
[White "Desjardins, Michel"]
[Black "Voloaca, Mihnea"]
[Result "0-1"]
[WhiteElo "1935"]
[BlackElo "2325"]
[PlyCount "68"]
[GameId "2160767909795751"]
[EventDate "2011.02.25"]
[EventType "swiss"]
[EventRounds "5"]
[EventCountry "CAN"]
[SourceTitle "EXT 2013"]
[Source "ChessBase"]
[SourceDate "2012.11.22"]
[SourceVersion "1"]
[SourceVersionDate "2012.11.22"]
[SourceQuality "1"]

1. e4 c5 2. Nc3 e6 3. Nge2 Nc6 4. g3 d5 5. exd5 exd5 6. Bg2 Nf6 7. d4 cxd4 8. Nxd4 Bc5 9. Qe2+ Be7 10. Be3 O-O 11. O-O-O Bg4 12. f3 Bd7 13. Qf2 Ne5 14. Kb1 Nc4 15. Bc1 Qb6 16. Qf1 Rac8 17. Nb3 Na3+ 18. bxa3 Rxc3 19. Qe1 Rc4 20. Bf1 Re8 21. Bxc4 dxc4 22. Qa5 cxb3 23. Qxb6 bxc2+ 24. Kxc2 axb6 25. Kb1 Be6 26. g4 Nd5 27. Rd3 b5 28. Rhd1 Nb6 29. Bb2 Nc4 30. h3 Nxb2 31. Kxb2 g5 32. Rc1 Bc4 33. Rd7 Bf6+ 34. Kb1 Re2 0-1

[Event "Oasis op"]
[Site "Montreal CAN"]
[Date "2011.02.25"]
[Round "1"]
[White "Dumont, Felix"]
[Black "He, Shao Hang"]
[Result "1/2-1/2"]
[WhiteElo "1998"]
[BlackElo "1579"]
[PlyCount "96"]
[GameId "2160767909795752"]
[EventDate "2011.02.25"]
[EventType "swiss"]
[EventRounds "5"]
[EventCountry "CAN"]
[SourceTitle "EXT 2013"]
[Source "ChessBase"]
[SourceDate "2012.11.22"]
[SourceVersion "1"]
[SourceVersionDate "2012.11.22"]
[SourceQuality "1"]

1. e4 c5 2. Nf3 d6 3. d4 cxd4 4. Nxd4 Nf6 5. Nc3 a6 6. Bg5 e6 7. f4 Be7 8. Qf3 Qc7 9. O-O-O Nbd7 10. g4 b5 11. Bxf6 Nxf6 12. g5 Nd7 13. f5 Bxg5+ 14. Kb1 Nc5 15. fxe6 O-O 16. Nd5 Qb7 17. e7 Bxe7 18. Rg1 g6 19. Nc6 Bd8 20. Nxd8 Rxd8 21. Nf6+ Kh8 22. Nd5 Be6 23. Qf6+ Kg8 24. Ne7+ Kf8 25. Nd5 Bxd5 26. exd5 Kg8 27. h4 Qc7 28. h5 Nd7 29. Qf4 Rac8 30. Bd3 Ne5 31. c3 Nxd3 32. Rxd3 Qc4 33. Rd4 Qe2 34. hxg6 fxg6 35. Qf6 Qe5 36. Rxg6+ hxg6 37. Qxg6+ Qg7 38. Qe6+ Qf7 39. Rg4+ Kf8 40. Qh6+ Ke8 41. Rg7 Qxg7 42. Qxg7 Ra8 43. Qc7 Kf8 44. Kc2 Kg8 45. Kd3 Rac8 46. Qb7 Ra8 47. Ke4 Rf8 48. Kd3 Rf3+ 1/2-1/2

[Event "Oasis op"]
[Site "Montreal CAN"]
[Date "2011.02.25"]
[Round "1"]
[White "Jiang, Louie"]
[Black "Carrier, Claude"]
[Result "1-0"]
[WhiteElo "2340"]
[BlackElo "1937"]
[PlyCount "118"]
[GameId "2160767909795753"]
[EventDate "2011.02.25"]
[EventType "swiss"]
[EventRounds "5"]
[EventCountry "CAN"]
[SourceTitle "EXT 2013"]
[Source "ChessBase"]
[SourceDate "2012.11.22"]
[SourceVersion "1"]
[SourceVersionDate "2012.11.22"]
[SourceQuality "1"]

1. e4 c5 2. Nf3 e6 3. d4 cxd4 4. Nxd4 Nf6 5. Nc3 d6 6. Be2 a6 7. a4 Be7 8. O-O O-O 9. Be3 Qc7 10. f4 b6 11. Bf3 Bb7 12. Kh1 Nbd7 13. Qe1 Nc5 14. Bg1 d5 15. exd5 Nxd5 16. Nxd5 exd5 17. f5 Rfe8 18. c3 Bf6 19. Qd1 Ne4 20. Qc2 Ng5 21. Be2 Re4 22. Rad1 Rh4 23. Nf3 Nxf3 24. Bxf3 Be5 25. h3 d4 26. Qe2 Bxf3 27. Qxf3 Rd8 28. cxd4 Rf4 29. Qc3 Rxf1 30. Rxf1 Qxc3 31. bxc3 Bf6 32. Rc1 Rd5 33. g4 b5 34. axb5 axb5 35. Kg2 h5 36. Kf3 hxg4+ 37. hxg4 Kf8 38. Ke4 Rd8 39. Rb1 Rc8 40. Kd3 Rb8 41. Bh2 Rb7 42. Re1 Be7 43. Ra1 Ke8 44. d5 Kd7 45. Be5 g6 46. fxg6 fxg6 47. Ra6 g5 48. Rg6 b4 49. c4 b3 50. Bb2 Ke8 51. d6 Bd8 52. c5 Kd7 53. Rg7+ Kc6 54. Rxb7 Kxb7 55. Kc4 Kc6 56. Bd4 Ba5 57. Kxb3 Bd2 58. Kc4 Bf4 59. Kd3 Kd5 1-0

[Event "Oasis op"]
[Site "Montreal CAN"]
[Date "2011.02.25"]
[Round "1"]
[White "Lemieux, Serge"]
[Black "Lalumiere, Claude"]
[Result "1-0"]
[WhiteElo "1554"]
[BlackElo "1985"]
[PlyCount "87"]
[GameId "2160767909795754"]
[EventDate "2011.02.25"]
[EventType "swiss"]
[EventRounds "5"]
[EventCountry "CAN"]
[SourceTitle "EXT 2013"]
[Source "ChessBase"]
[SourceDate "2012.11.22"]
[SourceVersion "1"]
[SourceVersionDate "2012.11.22"]
[SourceQuality "1"]

1. d4 Nf6 2. c4 c5 3. d5 b5 4. b3 bxc4 5. bxc4 d6 6. f3 g6 7. Nc3 Bg7 8. Bb2 Nbd7 9. e4 O-O 10. Bd3 Rb8 11. Rb1 Ne5 12. Nge2 Nfd7 13. f4 Nxd3+ 14. Qxd3 Qa5 15. O-O Nb6 16. Nb5 Bxb2 17. Rxb2 Bd7 18. Rfb1 Na4 19. Qa3 a6 20. Nec3 axb5 21. Nxa4 b4 22. Qg3 Bxa4 23. f5 Qa6 24. Rc1 Kg7 25. h4 h5 26. Rf2 Kh7 27. Qg5 Qa7 28. g4 Rg8 29. fxg6+ fxg6 30. Rf7+ Rg7 31. Rxg7+ Kxg7 32. gxh5 Rg8 33. Rf1 Be8 34. hxg6 Rh8 35. h5 Rxh5 36. Qxh5 Bxg6 37. Qg5 Qd7 38. Rf3 Qe8 39. e5 dxe5 40. Qxe5+ Kg8 41. Rh3 Bh7 42. Rg3+ Bg6 43. Qe6+ Kg7 44. d6 1-0

[Event "Oasis op"]
[Site "Montreal CAN"]
[Date "2011.02.25"]
[Round "1"]
[White "Lepine, Cedric"]
[Black "Gauthier, Jeremie"]
[Result "1-0"]
[WhiteElo "1957"]
[BlackElo "1271"]
[PlyCount "63"]
[GameId "2160767909795755"]
[EventDate "2011.02.25"]
[EventType "swiss"]
[EventRounds "5"]
[EventCountry "CAN"]
[SourceTitle "EXT 2013"]
[Source "ChessBase"]
[SourceDate "2012.11.22"]
[SourceVersion "1"]
[SourceVersionDate "2012.11.22"]
[SourceQuality "1"]

1. d4 Nf6 2. c4 e6 3. Nc3 d5 4. Nf3 Be7 5. g3 O-O 6. Bg2 c6 7. O-O Qc7 8. b3 Rd8 9. Bf4 Bd6 10. Bg5 Be7 11. Rc1 dxc4 12. bxc4 Nbd7 13. e4 e5 14. d5 h6 15. Bd2 Bb4 16. Ne1 Nc5 17. Qc2 Bd7 18. Nd3 Bxc3 19. Nxc5 Bxd2 20. Qxd2 b6 21. Nd3 c5 22. f4 exf4 23. e5 Ng4 24. Qxf4 Nxe5 25. Nxe5 Qd6 26. Nxf7 Qxf4 27. Rxf4 Re8 28. d6 Rac8 29. Bb7 Rb8 30. Bd5 Be6 31. Bxe6 Rxe6 32. d7 1-0

[Event "Oasis op"]
[Site "Montreal CAN"]
[Date "2011.02.25"]
[Round "1"]
[White "Morin, Louis"]
[Black "Brucker, Buck"]
[Result "0-1"]
[WhiteElo "1903"]
[BlackElo "2158"]
[PlyCount "108"]
[GameId "2160767909795756"]
[EventDate "2011.02.25"]
[EventType "swiss"]
[EventRounds "5"]
[EventCountry "CAN"]
[SourceTitle "EXT 2013"]
[Source "ChessBase"]
[SourceDate "2012.11.22"]
[SourceVersion "1"]
[SourceVersionDate "2012.11.22"]
[SourceQuality "1"]

1. e4 c5 2. d4 cxd4 3. c3 dxc3 4. Nxc3 d6 5. Nf3 Nc6 6. Bc4 e6 7. O-O Be7 8. Qe2 Nf6 9. Rd1 e5 10. h3 O-O 11. Be3 a6 12. Rac1 Qe8 13. Nd5 Nxd5 14. Bxd5 Bd7 15. Qd2 Kh8 16. Bb6 Rc8 17. a3 f5 18. Kh2 f4 19. Ba2 Qh5 20. Rc3 g5 21. Bc5 Rf6 22. Rd3 g4 23. Bxd6 gxh3 24. Bxe7 hxg2+ 25. Kxg2 Qh3+ 26. Kg1 Nxe7 27. Nxe5 f3 28. Rxf3 Rxf3 29. Nxf3 Qg4+ 30. Kf1 Bb5+ 31. Ke1 Qxe4+ 32. Qe3 Qxe3+ 33. fxe3 Rc2 34. Rd2 Rc1+ 35. Rd1 Rxd1+ 36. Kxd1 Kg7 37. Ke1 Kf6 38. Kf2 Bc6 39. Bb1 h6 40. Kg3 Ng6 41. Nd4 Bd7 42. b4 Ne5 43. Be4 Nc6 44. Nxc6 Bxc6 45. Bd3 Ke5 46. Kh4 Be4 47. Bc4 Bc2 48. Kh5 Ke4 49. Kxh6 Kxe3 50. Kg5 Kd4 51. Bxa6 bxa6 52. Kf4 Kc3 53. Ke3 Kb3 54. Kd4 Bg6 0-1

[Event "Oasis op"]
[Site "Montreal CAN"]
[Date "2011.02.25"]
[Round "1"]
[White "Plante, Michel"]
[Black "Guo, Forest"]
[Result "1-0"]
[WhiteElo "2128"]
[BlackElo "1884"]
[PlyCount "61"]
[GameId "2160767909795758"]
[EventDate "2011.02.25"]
[EventType "swiss"]
[EventRounds "5"]
[EventCountry "CAN"]
[SourceTitle "EXT 2013"]
[Source "ChessBase"]
[SourceDate "2012.11.22"]
[SourceVersion "1"]
[SourceVersionDate "2012.11.22"]
[SourceQuality "1"]

1. d4 d5 2. Nf3 Nf6 3. e3 e6 4. Bd3 Be7 5. O-O O-O 6. b3 c5 7. Bb2 Nc6 8. Nbd2 b6 9. Ne5 Bb7 10. f4 Rc8 11. a3 Qc7 12. Rf3 Rfe8 13. Rh3 cxd4 14. Bxh7+ Nxh7 15. Qh5 Bf6 16. a4 Nxe5 17. Qxh7+ Kf8 18. fxe5 Bxe5 19. Nf3 Bd6 20. Nxd4 Ba6 21. Rf3 Ke7 22. Nb5 Qxc2 23. Rxf7+ Kd8 24. Qxg7 Bxb5 25. Bf6+ Be7 26. Rxe7 Qc1+ 27. Rxc1 Rxc1+ 28. Kf2 Rf1+ 29. Kg3 Rxf6 30. Rxe8+ Bxe8 31. Qxf6+ 1-0

[Event "Oasis op"]
[Site "Montreal CAN"]
[Date "2011.02.25"]
[Round "1"]
[White "Roy, Myriam"]
[Black "Cote-Lalumiere, Tristan"]
[Result "1/2-1/2"]
[WhiteElo "2070"]
[BlackElo "1851"]
[PlyCount "88"]
[GameId "2160767909795759"]
[EventDate "2011.02.25"]
[EventType "swiss"]
[EventRounds "5"]
[EventCountry "CAN"]
[SourceTitle "EXT 2013"]
[Source "ChessBase"]
[SourceDate "2012.11.22"]
[SourceVersion "1"]
[SourceVersionDate "2012.11.22"]
[SourceQuality "1"]

1. e4 c5 2. Nf3 d6 3. d4 cxd4 4. Nxd4 Nf6 5. Nc3 g6 6. Be2 Bg7 7. Be3 O-O 8. Nb3 Nc6 9. O-O a6 10. a4 Be6 11. f4 Na5 12. e5 Ne8 13. Nd4 Bc4 14. Nf3 Rc8 15. b3 Bxe2 16. Nxe2 Nc6 17. Ned4 Qc7 18. Nxc6 Qxc6 19. c4 Nc7 20. Rc1 Rfd8 21. Qe2 Ne6 22. Rfd1 dxe5 23. fxe5 Qe4 24. Qf2 Rd3 25. Rxd3 Qxd3 26. Bg5 Qxb3 27. Qe2 Nxg5 28. Nxg5 Bh6 29. Qd2 Rxc4 30. Rf1 Qb6+ 31. Kh1 Rg4 32. Qd5 Rf4 33. Nf3 Qc6 34. Qd8+ Bf8 35. a5 f6 36. Re1 fxe5 37. Nxe5 Qd6 38. Nd7 Qd4 39. h3 Qf2 40. Rd1 Qe2 41. Nc5 Rf2 42. Qd5+ Rf7 43. Ne6 Qb5 44. Qa2 Rf1+ 1/2-1/2

[Event "Oasis op"]
[Site "Montreal CAN"]
[Date "2011.02.25"]
[Round "1"]
[White "Wu, Qiyou"]
[Black "Libersan, Thierry"]
[Result "1/2-1/2"]
[WhiteElo "1881"]
[BlackElo "2113"]
[PlyCount "126"]
[GameId "2160767909795761"]
[EventDate "2011.02.25"]
[EventType "swiss"]
[EventRounds "5"]
[EventCountry "CAN"]
[SourceTitle "EXT 2013"]
[Source "ChessBase"]
[SourceDate "2012.11.22"]
[SourceVersion "1"]
[SourceVersionDate "2012.11.22"]
[SourceQuality "1"]

1. e4 c5 2. Nf3 e6 3. d4 cxd4 4. Nxd4 Nc6 5. c4 a6 6. Nc3 d6 7. Nxc6 bxc6 8. Bd3 Nf6 9. O-O e5 10. Kh1 Be7 11. f4 O-O 12. Qe2 Nd7 13. Bc2 Rb8 14. f5 Bg5 15. b3 Bxc1 16. Raxc1 Nf6 17. Rcd1 Rb7 18. Rd3 Rd7 19. g4 d5 20. cxd5 cxd5 21. exd5 Nxd5 22. Nxd5 Bb7 23. Rh3 Rxd5 24. Be4 Rd2 25. Qf3 Bxe4 26. Qxe4 f6 27. g5 Qa8 28. Qxa8 Rxa8 29. gxf6 gxf6 30. a4 Rad8 31. Rg1+ Kh8 32. Rc3 Rd1 33. Rc6 Rxg1+ 34. Kxg1 Kg7 35. Rxa6 Rb8 36. Ra7+ Kh6 37. h4 Kh5 38. Ra6 Kxh4 39. Rxf6 Kg5 40. Rf7 h5 41. a5 Rxb3 42. a6 Ra3 43. a7 Ra2 44. Rh7 h4 45. Kf1 Ra4 46. Kf2 Kxf5 47. Rh5+ Ke6 48. Rxh4 Rxa7 49. Ke3 Ra3+ 50. Ke2 Kd5 51. Kd2 Ra2+ 52. Ke3 Ra3+ 53. Kd2 Rg3 54. Ra4 Rh3 55. Rg4 Ke6 56. Ke2 Kf5 57. Ra4 Rh2+ 58. Ke3 Rh3+ 59. Ke2 Rb3 60. Kf2 e4 61. Ra8 Rb2+ 62. Ke3 Rb3+ 63. Ke2 Rb2+ 1/2-1/2

[Event "Oasis op"]
[Site "Montreal CAN"]
[Date "2011.02.25"]
[Round "1"]
[White "Yun, Chang"]
[Black "Gagnon, Serge"]
[Result "1/2-1/2"]
[WhiteElo "1848"]
[BlackElo "2061"]
[PlyCount "139"]
[GameId "2160767909795762"]
[EventDate "2011.02.25"]
[EventType "swiss"]
[EventRounds "5"]
[EventCountry "CAN"]
[SourceTitle "EXT 2013"]
[Source "ChessBase"]
[SourceDate "2012.11.22"]
[SourceVersion "1"]
[SourceVersionDate "2012.11.22"]
[SourceQuality "1"]

1. e4 d6 2. d4 Nf6 3. Nc3 g6 4. f4 Bg7 5. Nf3 O-O 6. Bc4 c6 7. e5 dxe5 8. fxe5 Nd5 9. O-O Na6 10. Nxd5 cxd5 11. Bxa6 bxa6 12. Qe1 Bf5 13. c3 Rb8 14. Nd2 Bc2 15. Nf3 h6 16. Qe2 Ba4 17. Re1 Rb6 18. Qf2 f5 19. Qh4 g5 20. Qf2 Qe8 21. Nd2 Qc8 22. Qf3 e6 23. b3 Bb5 24. Ba3 Rf7 25. Bc5 Rbb7 26. b4 Ba4 27. Nb3 Rbc7 28. Rec1 Bf8 29. Bxf8 Rxf8 30. Nc5 Be8 31. a4 h5 32. Qd3 a5 33. bxa5 Rff7 34. Rcb1 Kg7 35. a6 Bc6 36. Rb4 Rfe7 37. Rab1 Qe8 38. Rb7 Qf7 39. Rb8 Kh7 40. R8b4 Kg7 41. R1b2 h4 42. h3 g4 43. hxg4 fxg4 44. Rf2 Qh5 45. Rf6 Bd7 46. Rb2 g3 47. Rb1 Qg4 48. Rbf1 Be8 49. Qd2 Bf7 50. Rh6 Bg6 51. Rf6 Bf5 52. Kf1 Re8 53. Qe2 Qf4+ 54. Qf3 Qc1+ 55. Ke2 Qc2+ 56. Ke1 Rxc5 57. dxc5 Rb8 58. Rf7+ Kxh6 59. Qf4+ Kg6 60. Rf6+ Kg7 61. Qh6+ Kg8 62. Qg5+ Kh8 63. Rh6+ Bh7 64. Qf6+ Kg8 65. Qxe6+ Kg7 66. Qf6+ Kg8 67. Qg5+ Kh8 68. Qf6+ Kg8 69. Qg5+ Kh8 70. Qf6+ 1/2-1/2

[Event "Oasis op"]
[Site "Montreal CAN"]
[Date "2011.02.25"]
[Round "1"]
[White "Zhu, Hong Rui"]
[Black "Dominique, Vladimir"]
[Result "1/2-1/2"]
[WhiteElo "2042"]
[BlackElo "1819"]
[PlyCount "138"]
[GameId "2160767909795763"]
[EventDate "2011.02.25"]
[EventType "swiss"]
[EventRounds "5"]
[EventCountry "CAN"]
[SourceTitle "EXT 2013"]
[Source "ChessBase"]
[SourceDate "2012.11.22"]
[SourceVersion "1"]
[SourceVersionDate "2012.11.22"]
[SourceQuality "1"]

1. e4 c5 2. Nf3 d6 3. d4 cxd4 4. Nxd4 Nf6 5. Nc3 e6 6. Be3 Be7 7. Be2 a6 8. O-O Qc7 9. a4 Nc6 10. Kh1 Ne5 11. f4 Nc4 12. Bxc4 Qxc4 13. e5 Nd5 14. Nxd5 Qxd5 15. Qg4 dxe5 16. Qxg7 Rf8 17. fxe5 Bd7 18. Rad1 Qe4 19. Bg5 Bxg5 20. Qxg5 Qg6 21. Qd2 Rd8 22. Nb3 Rg8 23. Rf2 Qg5 24. Nc5 Bc6 25. Qxd8+ Qxd8 26. Rxd8+ Kxd8 27. b3 Ke7 28. Rd2 Rg5 29. Re2 Rg4 30. Kg1 Rd4 31. Nd3 b5 32. a5 b4 33. Kf2 Bb5 34. Ke3 Bxd3 35. cxd3 Rd5 36. d4 Rxa5 37. Kd3 Ra3 38. Kc4 a5 39. Rb2 Ra1 40. Kb5 Kd7 41. h3 Ke7 42. Rf2 Ra3 43. Kc4 Ra1 44. Rf3 Rc1+ 45. Kb5 Ra1 46. Rg3 Ra2 47. Rg7 Rd2 48. Kxa5 Rxd4 49. Kb5 Rd5+ 50. Kxb4 Rxe5 51. Rxh7 Rg5 52. g4 Rg6 53. Rh5 Kd6 54. Rc5 e5 55. Kb5 e4 56. Rf5 e3 57. Rf1 Kd5 58. Rd1+ Ke4 59. Kc4 Rc6+ 60. Kb5 Rc7 61. Kb6 Re7 62. b4 e2 63. Ra1 Kf3 64. b5 e1=Q 65. Rxe1 Rxe1 66. Kc6 Kg3 67. b6 Kxh3 68. Kd7 Kxg4 69. b7 Rb1 1/2-1/2

[Event "Oasis op"]
[Site "Montreal CAN"]
[Date "2011.02.26"]
[Round "2"]
[White "Bouchard, Jean-Marc"]
[Black "Roy, Myriam"]
[Result "0-1"]
[WhiteElo "1903"]
[BlackElo "2070"]
[PlyCount "78"]
[GameId "2160767909795764"]
[EventDate "2011.02.25"]
[EventType "swiss"]
[EventRounds "5"]
[EventCountry "CAN"]
[SourceTitle "EXT 2013"]
[Source "ChessBase"]
[SourceDate "2012.11.22"]
[SourceVersion "1"]
[SourceVersionDate "2012.11.22"]
[SourceQuality "1"]

1. e4 c5 2. Nf3 Nc6 3. d4 cxd4 4. Nxd4 Nf6 5. Nc3 d6 6. Nxc6 bxc6 7. Bg5 e5 8. Qd2 h6 9. Bxf6 Qxf6 10. Bc4 Be6 11. Bxe6 Qxe6 12. O-O Be7 13. f4 exf4 14. Qxf4 O-O 15. Rad1 Rab8 16. b3 Rfe8 17. Ne2 Bg5 18. Qxd6 Qxe4 19. Ng3 Qxc2 20. Qc7 Qg6 21. Rd6 Rbc8 22. Qxc8 Rxc8 23. Rxg6 fxg6 24. Rd1 Be3+ 25. Kf1 Bb6 26. Ne4 Re8 27. Re1 Rd8 28. Ke2 Rd4 29. Kf3 Rd3+ 30. Kg4 h5+ 31. Kg5 Kh7 32. Re2 Bd8+ 33. Kf4 Bc7+ 34. Kg5 Bxh2 35. g4 Rd5+ 36. Kh4 Bf4 37. gxh5 gxh5 38. Kh3 Rd3+ 39. Kg2 Re3 0-1

[Event "Oasis op"]
[Site "Montreal CAN"]
[Date "2011.02.26"]
[Round "2"]
[White "Brucker, Buck"]
[Black "Lemieux, Serge"]
[Result "1/2-1/2"]
[WhiteElo "2158"]
[BlackElo "1554"]
[PlyCount "48"]
[GameId "2160767909795765"]
[EventDate "2011.02.25"]
[EventType "swiss"]
[EventRounds "5"]
[EventCountry "CAN"]
[SourceTitle "EXT 2013"]
[Source "ChessBase"]
[SourceDate "2012.11.22"]
[SourceVersion "1"]
[SourceVersionDate "2012.11.22"]
[SourceQuality "1"]

1. d4 e6 2. Bf4 Nf6 3. e3 d5 4. Nf3 c5 5. Nbd2 Nc6 6. c3 Be7 7. Bd3 Nh5 8. Bg3 f5 9. Ne5 Nxg3 10. hxg3 Nxe5 11. dxe5 Qc7 12. f4 c4 13. Bc2 Bc5 14. Qf3 Qb6 15. O-O-O Bxe3 16. Qh5+ g6 17. Qxg6+ hxg6 18. Rxh8+ Kf7 19. Rdh1 g5 20. Ba4 Bxd2+ 21. Kc2 Bd7 22. R8h7+ Kg8 23. Rh8+ Kg7 24. R8h7+ Kg8 1/2-1/2

[Event "Oasis op"]
[Site "Montreal CAN"]
[Date "2011.02.26"]
[Round "2"]
[White "Carrier, Claude"]
[Black "Chang, Michael"]
[Result "0-1"]
[WhiteElo "1937"]
[BlackElo "1604"]
[PlyCount "154"]
[GameId "2160767909795766"]
[EventDate "2011.02.25"]
[EventType "swiss"]
[EventRounds "5"]
[EventCountry "CAN"]
[SourceTitle "EXT 2013"]
[Source "ChessBase"]
[SourceDate "2012.11.22"]
[SourceVersion "1"]
[SourceVersionDate "2012.11.22"]
[SourceQuality "1"]

1. e4 c6 2. d4 d5 3. Nc3 dxe4 4. Nxe4 Bf5 5. Ng3 Bg6 6. Nf3 Nd7 7. h4 h6 8. Be2 Ngf6 9. h5 Bh7 10. Bf4 e6 11. Ne5 Nd5 12. Nxd7 Qxd7 13. Bd2 Bd6 14. Bf3 Bxg3 15. fxg3 Qc7 16. Rh3 Qb6 17. Bxd5 cxd5 18. Bc3 Be4 19. Qd2 Qc7 20. g4 Rc8 21. g5 Bf5 22. Rf3 Bg4 23. Rf4 Bxh5 24. g4 hxg5 25. Rf1 Qg3+ 26. Qf2 Qxf2+ 27. Kxf2 Bxg4 28. Rg1 f5 29. Rg2 Rh3 30. Rag1 Kf7 31. Rg3 Rxg3 32. Rxg3 Rh8 33. Kg2 Rh4 34. Be1 Rh8 35. Rc3 Re8 36. Rc7+ Re7 37. Rxe7+ Kxe7 38. Bb4+ Kd7 39. Bf8 Bd1 40. c3 g6 41. Bh6 Kd6 42. Bxg5 e5 43. dxe5+ Kxe5 44. Kg3 Ke4 45. Bh6 b5 46. a3 Kd3 47. Kf4 Kc2 48. Bg7 Kd3 49. Bd4 a6 50. Ke5 Bf3 51. Kd6 a5 52. Kc5 f4 53. Kxb5 Kc2 54. b4 axb4 55. axb4 Be2+ 56. Kc5 Bc4 57. b5 Bxb5 58. Kxb5 Kd3 59. Kc5 Ke4 60. Kd6 g5 61. Ke6 g4 62. Kf6 g3 63. Be5 Kf3 64. Ke6 g2 65. Bd4 Kg3 66. Kxd5 f3 67. c4 f2 68. Bxf2+ Kxf2 69. c5 g1=Q 70. c6 Qg8+ 71. Kc5 Qc8 72. Kb6 Ke3 73. c7 Kd4 74. Kc6 Kc4 75. Kb6 Kd5 76. Ka7 Qxc7+ 77. Ka8 Qe7 0-1

[Event "Oasis op"]
[Site "Montreal CAN"]
[Date "2011.02.26"]
[Round "2"]
[White "Dominique, Vladimir"]
[Black "Carter, David"]
[Result "0-1"]
[WhiteElo "1819"]
[BlackElo "2239"]
[PlyCount "78"]
[GameId "2160767909795769"]
[EventDate "2011.02.25"]
[EventType "swiss"]
[EventRounds "5"]
[EventCountry "CAN"]
[SourceTitle "EXT 2013"]
[Source "ChessBase"]
[SourceDate "2012.11.22"]
[SourceVersion "1"]
[SourceVersionDate "2012.11.22"]
[SourceQuality "1"]

1. e4 e6 2. d4 d5 3. Nc3 Bb4 4. e5 c5 5. a3 Bxc3+ 6. bxc3 Qc7 7. Qg4 f5 8. Qh5+ g6 9. Qd1 Ne7 10. Nf3 h6 11. a4 b6 12. Bb5+ Kf8 13. Be2 Ba6 14. Bxa6 Nxa6 15. O-O Rc8 16. Qd3 Nb8 17. a5 bxa5 18. Ba3 cxd4 19. Bxe7+ Kxe7 20. Nh4 Kf7 21. Qg3 g5 22. Nf3 dxc3 23. Rae1 Qc4 24. Re3 Nd7 25. Rd3 Qg4 26. Re1 Qxg3 27. hxg3 Rc4 28. Nd4 Nc5 29. Rdd1 a6 30. Ne2 Rb8 31. Rd4 Rxd4 32. Nxd4 Rb4 33. Ne2 Re4 34. f4 gxf4 35. gxf4 d4 36. Kf2 d3 37. Nxc3 Rxe1 38. Kxe1 dxc2 39. Na2 Nb3 0-1

[Event "Oasis op"]
[Site "Montreal CAN"]
[Date "2011.02.26"]
[Round "2"]
[White "Gagnon, Serge"]
[Black "Wu, Qiyou"]
[Result "0-1"]
[WhiteElo "2061"]
[BlackElo "1881"]
[PlyCount "108"]
[GameId "2160767909795770"]
[EventDate "2011.02.25"]
[EventType "swiss"]
[EventRounds "5"]
[EventCountry "CAN"]
[SourceTitle "EXT 2013"]
[Source "ChessBase"]
[SourceDate "2012.11.22"]
[SourceVersion "1"]
[SourceVersionDate "2012.11.22"]
[SourceQuality "1"]

1. d4 d5 2. c4 e6 3. Nc3 Be7 4. Nf3 Nf6 5. Bg5 O-O 6. e3 Nbd7 7. Qc2 a6 8. cxd5 exd5 9. Bd3 c6 10. O-O Re8 11. Rab1 Nf8 12. Ne5 Bd6 13. f4 Ng6 14. Rbe1 Be7 15. Qf2 Nd7 16. Bxe7 Qxe7 17. Nxd7 Bxd7 18. f5 Nf8 19. g4 Qd6 20. Qg2 f6 21. h4 Re7 22. b3 Rae8 23. Rf3 c5 24. Nxd5 cxd4 25. Bc4 Kh8 26. Nxe7 Qxe7 27. e4 Bc6 28. Qd2 b5 29. Bf1 Qc5 30. Rd3 Rxe4 31. Rxe4 Bxe4 32. Rxd4 g6 33. fxg6 Ne6 34. Kf2 Nxd4 35. Kg3 Qc7+ 36. Kh3 Nf3 37. Qf2 hxg6 38. Bd3 Qf4 39. Bxe4 Ng5+ 40. Kg2 Qxf2+ 41. Kxf2 Nxe4+ 42. Ke3 Nc3 43. a3 Kg7 44. Kd4 Nb1 45. a4 bxa4 46. bxa4 a5 47. Kc4 f5 48. gxf5 gxf5 49. Kb5 Nc3+ 50. Kxa5 f4 51. Kb4 f3 52. Kxc3 f2 53. a5 f1=Q 54. Kb4 Qa6 0-1

[Event "Oasis op"]
[Site "Montreal CAN"]
[Date "2011.02.26"]
[Round "2"]
[White "Giroux, Robert"]
[Black "Yun, Chang"]
[Result "0-1"]
[WhiteElo "1981"]
[BlackElo "1848"]
[PlyCount "102"]
[GameId "2160767909795771"]
[EventDate "2011.02.25"]
[EventType "swiss"]
[EventRounds "5"]
[EventCountry "CAN"]
[SourceTitle "EXT 2013"]
[Source "ChessBase"]
[SourceDate "2012.11.22"]
[SourceVersion "1"]
[SourceVersionDate "2012.11.22"]
[SourceQuality "1"]

1. c4 Nf6 2. g3 g6 3. Nc3 e5 4. Bg2 Bg7 5. e4 O-O 6. Nge2 d6 7. d3 Nbd7 8. O-O a5 9. Rb1 Nc5 10. b3 Be6 11. d4 exd4 12. Nxd4 Bd7 13. h3 Re8 14. Re1 Ne6 15. Be3 Nxd4 16. Bxd4 Bc6 17. Qc2 Nd7 18. Bxg7 Kxg7 19. Rbd1 Qf6 20. f4 Nc5 21. Nd5 Bxd5 22. cxd5 h6 23. e5 Qd8 24. f5 gxf5 25. Qxf5 Qg5 26. Qf2 Rxe5 27. Rxe5 Qxe5 28. Rf1 f6 29. Re1 Qg5 30. Re7+ Kg8 31. h4 Qg6 32. Qe3 h5 33. Kh2 Kf8 34. Rxc7 Re8 35. Qf4 f5 36. Qd4 Kg8 37. Bf3 Ne4 38. Bxe4 fxe4 39. Rc3 Qg7 40. Qxg7+ Kxg7 41. Kg2 Kf6 42. Kf2 Ke5 43. Ke3 Rg8 44. Kf2 Kxd5 45. Rc7 Kd4 46. Rc4+ Kd3 47. Rc1 e3+ 48. Ke1 e2 49. Rc4 Rxg3 50. Kf2 Re3 51. Ke1 Rf3 0-1

[Event "Oasis op"]
[Site "Montreal CAN"]
[Date "2011.02.26"]
[Round "2"]
[White "Guo, Forest"]
[Black "Turcotte, Jonathan"]
[Result "0-1"]
[WhiteElo "1886"]
[BlackElo "1943"]
[PlyCount "84"]
[GameId "2160767909795772"]
[EventDate "2011.02.25"]
[EventType "swiss"]
[EventRounds "5"]
[EventCountry "CAN"]
[SourceTitle "EXT 2013"]
[Source "ChessBase"]
[SourceDate "2012.11.22"]
[SourceVersion "1"]
[SourceVersionDate "2012.11.22"]
[SourceQuality "1"]

1. e4 e5 2. Nf3 Nc6 3. Bb5 a6 4. Ba4 Nf6 5. Qe2 Be7 6. c3 b5 7. Bb3 d6 8. O-O O-O 9. Rd1 Na5 10. Bc2 c5 11. d4 Qc7 12. d5 Bd7 13. Nbd2 Ne8 14. b3 c4 15. b4 Nb7 16. a4 g6 17. Nf1 Ng7 18. Bh6 Rfc8 19. Ng3 Nd8 20. a5 f6 21. Be3 Nf7 22. Bb6 Qb7 23. h3 Rf8 24. Nh2 Rae8 25. Qd2 f5 26. exf5 gxf5 27. f4 Bf6 28. Be3 Nh8 29. Ne2 Ng6 30. Rf1 Nh5 31. g3 exf4 32. gxf4 Rf7 33. Nf3 Rfe7 34. Ned4 Rxe3 35. Ne6 Qa7 36. Qf2 Nhxf4 37. Kh1 Nxe6 38. dxe6 Bxe6 39. Rae1 Bd5 40. Bxf5 Bxf3+ 41. Kg1 Bh4 42. Qxh4 Nxh4 0-1

[Event "Oasis op"]
[Site "Montreal CAN"]
[Date "2011.02.26"]
[Round "2"]
[White "He, Shao Hang"]
[Black "Zhu, Hong Rui"]
[Result "0-1"]
[WhiteElo "1579"]
[BlackElo "2042"]
[PlyCount "94"]
[GameId "2160767909795773"]
[EventDate "2011.02.25"]
[EventType "swiss"]
[EventRounds "5"]
[EventCountry "CAN"]
[SourceTitle "EXT 2013"]
[Source "ChessBase"]
[SourceDate "2012.11.22"]
[SourceVersion "1"]
[SourceVersionDate "2012.11.22"]
[SourceQuality "1"]

1. d4 d5 2. c4 e6 3. Nf3 Nf6 4. Bg5 Be7 5. e3 O-O 6. Nc3 Nbd7 7. Qc2 a6 8. Rc1 dxc4 9. Bxc4 b5 10. Bd3 Bb7 11. Ne4 Nxe4 12. Bxe7 Qxe7 13. Bxe4 Bxe4 14. Qxe4 Qb4+ 15. Nd2 Qxb2 16. Qc2 Qxc2 17. Rxc2 Rac8 18. Nb3 e5 19. O-O exd4 20. exd4 Rfe8 21. Rfc1 c6 22. Kf1 Nb6 23. Rxc6 Nc4 24. Rc5 Kf8 25. Re1 Rxc5 26. Rxe8+ Kxe8 27. Nxc5 a5 28. Ke2 Ke7 29. Kd3 f6 30. Ne4 Nb2+ 31. Kc2 Na4 32. a3 Ke6 33. Nd2 Nb6 34. Kd3 f5 35. f3 Kd5 36. g4 g6 37. h3 Nc4 38. Nxc4 bxc4+ 39. Kc3 fxg4 40. hxg4 g5 41. Kc2 Kxd4 42. Kd2 c3+ 43. Kc2 a4 44. Kc1 Kc4 45. Kc2 h6 46. Kb1 Kb3 47. Kc1 c2 0-1